000 00531nam a22001937a 4500
003 KOHA_MİRAKIL
005 20250929121951.0
008 250929b tu ||||| |||| 00| 0 tur d
020 _a9789750725890
040 _aTR-AnABB
_btur
_cTR-AnABB
041 _atur
082 _a863.3
_bVAR 2015
100 1 _aVargas Llosa, Mario,
245 1 0 _aHınzır Kız /
_cMario Liosa
260 _aİstanbul :
_bCan Yayınları,
_c2015
300 _a400 sayfa ;
_c21 cm
650 0 4 _aİspanyol edebiyatı, roman
942 _2ddc
_cBK
999 _c8968
_d8968
900 _bGizem YORULMAZ